[Event "TUR-chT"]
[Site "Konya"]
[Date "2010.07.04"]
[Round "7"]
[White "Arutinian, David"]
[Black "Atalik, Suat"]
[Result "1/2-1/2"]
[WhiteElo "2566"]
[BlackElo "2607"]
[Annotator "Atalik,S"]
[PlyCount "59"]
[EventDate "2010.06.29"]
[EventType "team-tourn"]
[EventRounds "13"]
[EventCountry "TUR"]
[SourceTitle "CBM 137 Extra"]
[Source "ChessBase"]
[SourceDate "2010.09.01"]
[SourceVersion "1"]
[SourceVersionDate "2010.09.01"]
[SourceQuality "1"]

1. d4 Nf6 2. c4 e6 3. Nf3 c5 $5 {Despite of Alex's verdict on Benoni I wanted
to give a try to this pawn formation in this game.} 4. e3 $5 {A solid move,
but maybe a little bit too solid.} ({In Benoni} 4. d5 d6 5. Nc3 exd5 6. cxd5 g6
7. e4 Bg7 {since he always plays} 8. h3 a6 9. a4 Nbd7 10. Bd3 Nh5 {I would
like to play like GM Boris Savchenko did with him in earlier rounds.} {However}
11. Be3 $5 $146 {so far no one played this.} (11. O-O Ne5 12. Be2 Nxf3+ 13.
Bxf3 Qh4 14. Bxh5 gxh5 $40 15. Ne2 Rg8 16. Ra3 Be5 {is a sample line.}) 11...
Ne5 (11... O-O 12. O-O Re8 13. Qd2 Rb8 14. Rfe1 Ne5 15. Be2 Nf6 16. Nxe5 Rxe5
17. Bf3 $14 {is well known.}) 12. Be2 $1 Nxf3+ 13. Bxf3 O-O (13... Qh4 $2 14.
g4 Nf6 15. Bf4 $16) 14. Bxh5 gxh5 15. Qxh5 Qb6 16. Qe2 $1 (16. Bc1 $6 f5 17.
O-O fxe4 18. a5 Qc7 19. Bh6 Bf5 20. Bxg7 Qxg7 21. Rae1 Rae8 22. Re3) 16... Qb4
17. O-O Bxc3 18. bxc3 Qxe4 $16 {looks better for White.}) 4... g6 $5 {GM
Suba's speciality with which I have already beaten late GM Tony Miles and drew
GM Franco Ocampo.} 5. Nc3 (5. dxc5 Na6 6. Nc3 Bg7 $1 (6... Nxc5 $2 7. Qd4 d6 8.
b4 e5 9. Qd1 Nce4 10. Nxe4 Nxe4 11. Bb2 a5 12. Bd3 $1 $16 {That's what Tony
had to do at the time.})) 5... Bg7 6. Be2 (6. dxc5 Na6 7. Qd6 Qa5 $1 $132) 6...
O-O 7. O-O d6 {This is the stem position in this irregular opening.} 8. e4 (8.
b3 b6 9. Bb2 Bb7 10. Qc2 Qe7 11. Rad1 Nc6 12. Qb1 Rfd8 13. Qa1 {GM Ivkov} cxd4
14. exd4 d5 $132) 8... Nc6 9. d5 (9. Be3 Ng4 10. Bg5 f6 11. Bh4 (11. Bc1 e5 $5
$132) 11... g5 12. Bg3 e5 $1 $36 {and the pawn is on c5 instead of c7 in a KID
game.}) 9... Nd4 10. dxe6 (10. Nxd4 $6 cxd4 11. Qxd4 Nxd5 12. Qd3 Nxc3 13. bxc3
Qa5 $1 $17 {and the pawns are weak.}) 10... Nxe2+ $1 (10... Nxf3+ 11. Bxf3 Bxe6
12. Be2 $14) (10... Nxe6 11. Qd3 $1 b6 12. h3 Bb7 13. Re1 Re8 14. Be3 Nh5 15.
g3 Qd7 $13 {is what Suba used to play.}) (10... Bxe6 11. Nxd4 cxd4 12. Qxd4 Nd5
13. Qd2 Nxc3 14. bxc3 Qc7 $44) 11. Qxe2 Bxe6 12. Rd1 Qb6 13. Bf4 Rad8 14. b3 (
14. Nb5 $6 a6 15. Nxd6 Nh5) 14... Rfe8 15. Qd3 $6 {This has surprised me.} (15.
Rac1 Bf5 $1 (15... h6 $5) 16. Bg5 Rd7 $36) 15... Ng4 $2 (15... Qc6 16. Rac1 h6
17. h3 $14) ({I had difficulties to calculate the consequences of} 15... Nxe4
$3 16. Nxe4 d5 $1 (16... Bf5 $2 17. Nfd2 Qc6 18. f3 d5 19. cxd5 Rxd5 20. Qc2
Bd4+ 21. Kh1 Bxa1 22. Rxa1 Bxe4 23. fxe4 $16) 17. cxd5 (17. Nc3 $2 dxc4 (17...
Bf5 18. Qd2 dxc4 19. Re1 Rxe1+ 20. Qxe1 cxb3 21. axb3 Qxb3 22. Rc1 Qe6 $1 $17)
18. Qe3 cxb3 19. axb3 c4 $17) 17... Bxd5 $5 (17... Rxd5 $2 18. Qe2) (17... Bxa1
$5 18. Rxa1 Bxd5 19. Be5 (19. Ned2 $2 Qf6 $19) (19. Nc3 $2 Bxb3 $19) 19... c4
$1 (19... Bxe4 $2 20. Qxe4 f6 21. Qc4+ $16) 20. Qxd5 (20. Nf6+ Qxf6 21. Qxd5
Qf5 22. Qxc4 Rxe5 23. Nxe5 Qxe5 24. Rf1 Rd2 25. a4 b6 $15) 20... Rxd5 21. Nf6+
Kf8 22. Nxd5 Qc6 23. Nf6 Rd8 24. Nxh7+ Kg8 25. Nf6+ Kf8 $11 26. bxc4 $140 $2
Qxc4 27. h4 Qa4 $1 $19) 18. Nd6 Bxf3 (18... Rxd6 $2 19. Bxd6 Qxd6 20. Re1 $16)
19. Qxf3 Rxd6 20. Bxd6 (20. Rxd6 $2 Bxa1 $17) 20... Bxa1 21. Rxa1 Qxd6 22. Qxb7
$11 {In this line one can stumble.}) (15... h6 $5 16. h3 $14) 16. Rac1 Ne5 17.
Bxe5 dxe5 18. Qe2 $14 {and this time two knights are maybe better than two
bishops.} f6 19. Rxd8 Rxd8 20. Nd5 Qa5 21. Rd1 Rd7 22. h3 Qd8 23. Qe3 b6 24. a3
Bf8 25. a4 Kh8 (25... a5 26. Nd2 h5 27. Nb1 Kh7 28. Qf3 Kg7 29. Nbc3 Kf7 30.
Qe3 $14) 26. Ne1 h5 27. Nd3 Kh7 28. Qe2 $6 {He just wanted to call a day by
just reaching move 30 and offering a draw.} (28. a5 $1 {is terribly annoying.}
Bh6 29. Qf3 Bg5 30. axb6 axb6 31. Ra1 Kh6 $1 (31... Rd6 32. Ra7+ Bd7 33. Qd1
$16) (31... Kg7 32. Ra6 Rb7 (32... Bf7 33. Qg3 $16) (32... Rd6 33. Qd1 $16) 33.
Nb2 Bd2 34. Na4 Ba5 35. Rxa5 bxa5 36. Nxc5 $18) 32. Ra6 Rb7 33. Qd1 $16) (28.
Qf3 Kg7) 28... Bd6 29. f3 Kg7 30. Kh1 (30. Kh1 Qc8 $11 {looks like a fair
position to me.}) 1/2-1/2

[Event "Tan Chin Nam Cup 2nd"]
[Site "Beijing"]
[Date "1996.??.??"]
[Round "3"]
[White "Miles, Anthony John"]
[Black "Atalik, Suat"]
[Result "0-1"]
[WhiteElo "2630"]
[BlackElo "2525"]
[Annotator "Atalik,S"]
[PlyCount "46"]
[EventDate "1996.08.??"]
[EventType "tourn"]
[EventRounds "9"]
[EventCountry "CHN"]
[EventCategory "10"]
[SourceTitle "CBM 055"]
[Source "ChessBase"]
[SourceDate "1996.12.01"]
[SourceVersion "1"]
[SourceVersionDate "1996.12.01"]
[SourceQuality "1"]

1. d4 {Tsesarsky} Nf6 2. c4 e6 3. Nf3 c5 4. e3 g6 5. dxc5 Na6 6. Nc3 (6. e4 $6
Bxc5 $1 {xf2}) 6... Nxc5 $6 (6... Bg7 7. Qd6 Bf8 8. Qf4 Nxc5 9. b4 (9. Bd2 d6
10. e4 h5 $1) 9... Nh5 10. Qd4 Bg7 11. Qd2 Qf6 12. Bb2 Ne4 13. Nxe4 Qxb2) 7.
Qd4 $1 d6 8. b4 e5 (8... Na6 $5) 9. Qd1 (9. Nxe5 $4 {Tsesarsky} Ne6 $19) 9...
Nce4 (9... Ne6 $6 {xd5}) 10. Nxe4 Nxe4 11. Bb2 a5 $8 12. a3 $2 (12. Qc2 $1 Nf6
(12... Qb6 $2 13. O-O-O $40) 13. Rd1 $1 Qc7 $8 (13... axb4 14. Bxe5 Be7 15. c5
b3 16. Qxb3 Qa5+ 17. Bc3 Qxc5 18. Bb5+ $16) 14. b5 $1 Nd7 15. Be2 Be7 16. O-O
O-O 17. Nd2 Nc5 $14) 12... axb4 13. axb4 Rxa1 14. Bxa1 $2 (14. Qxa1 Qb6 15. Qa3
(15. Qa4+ {Tsesarsky} Bd7 16. Qa8+ Ke7 17. Qa3 Bh6 18. b5 f6 19. Be2 $10 (19.
Bd3 Nxf2 $17)) (15. b5 {[%csl Re5]} Bg7 16. Be2 $10) 15... Bh6) 14... Qb6 $1 (
14... d5 $2 15. c5 Bxc5 16. Bb5+ Ke7 17. O-O $40) 15. Qa4+ Bd7 (15... Qc6 $2 {
Tsesarsky} 16. Qxc6+ bxc6 17. Bd3 Bf5 18. Rg1 Be7 19. g4 Ng5 $8 20. Be2 $132)
16. Qa8+ Ke7 17. Qa3 (17. Qa5 {Tsesarsky} Qxa5 18. bxa5 Bg7 19. Nd2 Nc5 $15 {
[%csl Ra5,Rc4]}) 17... Bh6 $1 $8 18. Be2 $2 (18. Bd3 $2 Nxf2 19. Kxf2 Qxe3+ 20.
Kf1 (20. Kg3 Bf4+ 21. Kh4 Bxh2 22. Nxh2 Qf2+ (22... Qh6+ 23. Kg3 Qf4#) 23. g3
Qf6#) 20... Ra8 (20... Bf5 {Tsesarsky} 21. Ne1 (21. Nxe5 dxe5 22. b5+ Kf6 23.
Qd6+ Be6 $19) 21... Ra8 22. Qxa8 Bxd3+ 23. Nxd3 Qxd3+ 24. Kf2 (24. Kg1 Be3#) (
24. Ke1 Bd2+ 25. Kd1 Be3+ 26. Ke1 Qd2+ 27. Kf1 Qf2#) 24... Be3+ 25. Kg3 Bd2+
26. Kg4 f5+ 27. Kh4 Qe4+ 28. Kg3 Qf4+ 29. Kh3 Qg4#) 21. Qxa8 Qxd3+ $19) (18.
Nd2 $8 Nxd2 $1 19. Kxd2 Be6 $1 20. Be2 Qc6 $19) (18. b5 $8 {Tsesarsky} Qc5 $15)
18... Ra8 $1 19. Qb2 (19. Qxa8 {Tsesarsky} Qxb4+ 20. Kf1 Qb1+ 21. Bd1 Qxd1+ 22.
Ne1 Nd2+ 23. Kg1 Qxe1#) 19... Bxe3 $3 (19... Ra4 20. O-O Rxb4 $19) (19... Rxa1+
20. Qxa1 Qxb4+ 21. Kf1 Nc3 $40) 20. fxe3 Qxe3 (20... Qa7 $5 {Tsesarsky} 21. O-O
Qxe3+ 22. Kh1 Nf2+ 23. Rxf2 Qxf2 24. c5 Rxa1+ 25. Qxa1 Qxe2 $19) 21. c5 (21.
Rf1 Qa7 $19 (21... Be6 $19)) (21. Nxe5 dxe5 22. Qxe5+ Be6 23. Bb2 Qd2+ 24. Kf1
Ra1+ 25. Bxa1 Qc1+) 21... Bb5 22. Ng1 (22. cxd6+ Kd8 $19) 22... Qf2+ 23. Kd1
Ba4+ (23... Ba4+ {Tsesarsky} 24. Kc1 Qe1+ $19) 0-1

[Event "EU-ch 13th"]
[Site "Plovdiv"]
[Date "2012.03.28"]
[Round "8"]
[White "Bartel, Mateusz"]
[Black "Szabo, Gergely Andras"]
[Result "1-0"]
[WhiteElo "2658"]
[BlackElo "2554"]
[Annotator "Bartel,M"]
[PlyCount "87"]
[EventDate "2012.03.20"]
[EventType "swiss"]
[EventRounds "11"]
[EventCountry "BUL"]
[SourceTitle "CBM 148"]
[Source "ChessBase"]
[SourceDate "2012.05.16"]
[SourceVersion "1"]
[SourceVersionDate "2012.05.16"]
[SourceQuality "1"]

{After two very successful tournaments in February, my next appearance wasn't
that good. In Plovdiv I played badly and only 2 games out of 11 were more or
less ok. This is one of them. However, the number of question marks shows that
even this game was not really ok...} 1. d4 Nf6 2. c4 e6 3. Nf3 c5 4. d5 b5 {
My opponent plays a lot of different lines, but this came as a surprise to me.}
5. dxe6 fxe6 6. cxb5 d5 7. e3 {Of course, g2-g3 is much more popular, but I
think that the setup with bishops respectively on e2 and b2 is stronger.} Bd6
8. Nbd2 ({Now and later White can try other moves - in this situation move
order is probably not that important.} 8. b3 O-O 9. Bb2 Nbd7 10. Nbd2 {and we
are in the game.}) 8... Nbd7 9. b3 (9. Be2 {was playable as well.}) 9... O-O
10. Bb2 Bb7 11. Be2 ({White could start with} 11. Qc2 {, but I wasn't sure if
I really wanted to have my queen there. But I was sure where I wanted to put
my bishop. One may ask - why on e2 and not on d3? The answer is easy - the
bishop would rather disturb than help - first of all the move Nc4 (which
actually happened in the game) wouldn't be possible, and also in some cases
the fork e5-e4 would be much more possible.}) 11... Qe8 ({My opponent spent
quite some time here. The Romanian GM wanted to activate his queen in order to
create mating threates, but in this position it's not the most important.
Black must win the battle for the central squares and only later can he think
about some attack. Much more natural would be} 11... Qe7 {, because it keeps
the bishop on d6 protected. However, it seems that White should be better
anyway:} 12. O-O Rae8 13. Qc2 e5 {(what else?!)} 14. e4 $1 {and, what is
typical for this opening, White must be better.}) 12. O-O Rd8 ({It was the
last moment in the game where Black could play} 12... e5 {, but after} 13. e4 {
White would be simply much better.}) 13. Nc4 ({The move in the game is ok, but
it was also possible to play} 13. Qc2 {which would be more in a style of the
opening - White would be much closer to pushing e3-e4. However, during the
game I thought that Nc4-e5 shouldn't be worse and I think I wasn't wrong.})
13... Bc7 ({In the event of} 13... Bxh2+ {I had prepared} 14. Nxh2 dxc4 15. Qc2
$1 (15. bxc4 Qg6 16. f3 Qg5 {would be a bit worse; Black is still creating
some problems}) 15... cxb3 16. axb3 {and White has a lot of pluses such as the
bishop pair and a much better stucture. So the position is close to winning.})
14. Nce5 {Here I was satisfied with the blockade of the e5-square which I made.
Now it is difficult for Black to play aggressively.} Qh5 ({Objectively, this
move is weak, but if you play an opening like the Blumenfeld you are forced to
make suspect moves from time to time... Black's position wasn't good anyway,
but probably something like} 14... Ne4 {was possibly better.}) 15. Nc6 {
Simply enough, White wants to eliminate one of black bishops.} d4 $2 {This is
the losing move, but as I mentioned one move earlier, this is Blumenfeld style.
} ({In the event of} 15... Bxc6 16. bxc6 Nb8 17. Qc2 {White would be visibly
better as there is absolutely no attack after} Ne4 18. Ne5 Qh4 19. Bb5 a6 20.
Bd3 {and even if Black manages to win the pawn back he will suffer structural
problems.}) 16. exd4 cxd4 17. h3 ({The most natural from a human point of view,
but - of course - the computer is never scared that it can be mated and
suggests} 17. Qxd4 $1 {, but you must see that after} Bxc6 18. bxc6 Ne5 19.
Nxe5 $1 Qxe2 20. Rfe1 {everything is absolutely fine and Black is lost. To be
honest, I don't think I considered Qd4 as an option...}) 17... Bxc6 18. bxc6
Ne5 19. Qe1 $2 ({Another human choice, but this time it gives Black good
chances. I was considering the best} 19. Nxd4 {, but I wasn't sure if White is
doing so well after} Qh4 20. Rc1 ({an even stronger try is} 20. Nxe6 $1 Rxd1
21. Raxd1 {and White has only rook and 3 pawns for a queen, but will win some
material soon for sure.}) 20... Qf4 21. g3 Qh6 22. h4 Ne4 {, but it seems that
there is no danger.}) 19... d3 $2 ({Both my opponent and I missed that} 19...
Ng6 $1 {with the intention of ...Nf4 would create great attacking prospects
for Black! However, it is always difficult to find such moves as Black was
targeting the h2-square and Ng6 is a part of a completely different plan. But
that's chess, sometimes you must be flexible.}) 20. Bxe5 $2 ({Another
"practical" decision, which this time leads to Black's advantage. White should
have played} 20. Bd1 {, but I was afraid that after} Nxf3+ 21. Bxf3 Qf5 {
White's task can be not easy at all as the weakness of diagonal h2-b8 can be
very annoying. However, it should have been played!}) 20... Bxe5 21. Bxd3 Bxa1
22. Bc4 {For the moment White has given upe a whole rook, but it's clear that
he will win some material back. My opponent was already in severe time trouble,
so his task was not easy.} Nd5 $2 ({It came as a surpise, because Black should
have played the obvious} 22... Bb2 {. Probably, Szabo thought that the c6-pawn
can be dangerous, but a bishop is a bishop, you shouldn't give it away for
free. After ...Bb2 it seems that Black is fine in all lines. Even more - it is
White who should be careful!} 23. Bxe6+ Kh8 24. c7 Rde8 25. Qb4 $1 Qg6 $1 26.
c8=Q (26. Qc4 Qe4) 26... Rxc8 27. Bxc8 Rxc8 28. Qb7 Qe8 29. Qxa7 Ra8 30. Qc5
Rxa2 {and because of the low number of pieces on the board White has some
chances to save this position, but I think Black has more chances to win than
White to draw. This is where "safe" play led me in this game...!}) 23. Qxe6+
Kh8 24. Rxa1 Nf4 25. Qg4 Qc5 {After some forced moves we have got a position
where it's clear that Black should win the c6-pawn. As a result White will
keep the bishop and two pawns and attacking chances for one rook which in a
practical game should allow White to seriously press for a win.} 26. Qg5 (26.
Re1 {was interesting as it is always useful to bring into the action the only
piece which is not in the game.}) 26... Qxc6 27. Ne5 {At this moment I was
sure that the win should be just around the corner. With opponent in time
trouble that was the case, but Black could survive.} Qc7 $2 (27... Qd6 $1 {
was very strong and the most obvious} 28. Nf7+ {can lead White only into
troubles:} ({better is} 28. Re1 {with a nice draw after} Qd2 29. Kf1 Qxf2+ $1
30. Kxf2 Nxh3+ 31. Kg3 Nxg5 32. Kg4 Rd4+ 33. Kxg5 h6+ 34. Kh5 Rf5+ 35. Kg6 Rf6+
36. Kh5) 28... Rxf7 29. Bxf7 h6 $1 30. Qf5 Rf8 31. g3 Ne2+ 32. Kg2 Qc6+ {
and only White can be in trouble.}) 28. Re1 h6 29. Qg3 Rd6 30. Re4 Rdf6 31. Qe3
g5 $2 {This loses on the spot.} (31... Ng6 {was the only move, but after} 32.
Nd3 {White would keep a solid positional plus. However, it wouldn't be trivial
to convert it into a full point, so that was surely the move Black should play.
}) 32. Qd4 {The easiest.} Qg7 33. Nd7 Nxg2 {Black is losing in many different
ways, but such moves can always complicate matters, even when they are simply
weak.} 34. Nxf6 {This is not spoiling anything, but had I been in slightly
better form I would rather have played a stronger move...} ({The simplest was} 
34. Nxf8 Nh4 35. Ne6) ({The nicest} 34. Qxf6 Rxf6 35. Re8+ Kh7 36. Bd3+ Rg6 37.
Nf8+) 34... Nh4 35. Qc3 Qxf6 36. Qxf6+ Rxf6 37. Re8+ {Luckily enough, this
endgame is very easy...} Kg7 38. Re7+ Kf8 39. Rxa7 Rf3 40. a4 Rxh3 $2 {The
position was hopeless, but now the a-pawn is unstoppable.} 41. Rf7+ Ke8 42. a5
Nf3+ 43. Kg2 g4 44. a6 1-0

[Event "USA-ch"]
[Site "Greenville"]
[Date "1983.??.??"]
[Round "12"]
[White "Christiansen, Larry Mark"]
[Black "Gurevich, Dmitry"]
[Result "1/2-1/2"]
[WhiteElo "2520"]
[BlackElo "2470"]
[Annotator "Belov,I"]
[PlyCount "90"]
[EventDate "1983.07.??"]
[EventType "tourn"]
[EventRounds "13"]
[EventCountry "USA"]
[EventCategory "10"]
[SourceTitle "MCL"]
[Source "ChessBase"]
[SourceDate "1999.07.01"]
[SourceVersion "1"]
[SourceVersionDate "1999.07.01"]
[SourceQuality "1"]

1. d4 Nf6 2. c4 e6 3. Nf3 a6 4. Nc3 c5 5. d5 b5 6. Bg5 b4 7. Ne4 d6 (7... Be7
8. Bxf6 (8. d6 Nxe4 9. Bxe7 Qb6) 8... Bxf6 9. Qc2 $14) 8. a3 $5 (8. Qa4+ Qd7 9.
Nxf6+ gxf6 10. Qxd7+ Nxd7 11. Bh4 f5 $10 {Chekhov,V-Zaichik,G/URS/1985/}) (8.
g3 Ra7 9. Bg2 Be7 $10) (8. Qd3 Ra7 9. O-O-O exd5 10. Bxf6 gxf6 11. cxd5 f5 12.
Ng3 Qf6 $13 {Naumkin,I-Kozlov,Vl/URS/1986/ Inf 41/578/}) (8. Nxf6+ $5 gxf6 9.
Bd2 f5 10. a3 bxa3 11. Rxa3 $14 {Chernin,A-Alburt,L/JUG zt/1987/}) 8... Be7 $1
(8... bxa3 9. Rxa3 Be7 10. Nxf6+ Bxf6 11. Qd2 O-O $13 {Christiansen,L-Alburt,L/
USA ch/1984/}) 9. Bxf6 gxf6 10. axb4 f5 11. Ned2 cxb4 12. Qa4+ Nd7 $5 13. dxe6
$6 (13. Nd4 Qb6 14. e3 (14. dxe6 Qxd4 15. exd7+ Bxd7 16. Qxb4 O-O $13) 14...
exd5 15. Nxf5 Bf6 $13) (13. Qxb4 Rb8 14. Qa3 Qb6 15. b3 Nc5 $44) 13... fxe6 14.
Nd4 Kf7 15. e3 (15. Nc6 Qb6 16. Nxb4 Nc5 17. Qc6 Rb8 $1 $44) (15. Qxb4 Rb8 16.
Qc3 Bf6 17. e3 Qb6 $44) 15... Qb6 16. Be2 Ne5 (16... Nc5 $5 17. Qc6 Rb8 $15)
17. N2f3 Rg8 18. O-O Bb7 $15 19. g3 h5 (19... a5 $5) 20. Nxe5+ dxe5 21. Nf3 Kf6
$1 (21... Bf6 22. Qd7+ $13) 22. Rfd1 Bc5 (22... a5 $142) 23. Qa5 Qxa5 (23...
Bxe3 $2 24. Qxe5+ Kf7 25. Qxe3 $18) 24. Rxa5 Bb6 25. Raa1 Rgd8 26. Kf1 a5 27.
Ne1 Rxd1 $6 (27... h4 $142) 28. Bxd1 $1 Rd8 29. Ke2 h4 30. Ba4 hxg3 31. hxg3 f4
$6 (31... e4 $5) 32. gxf4 exf4 33. Rd1 Rh8 34. exf4 $1 (34. Rd7 Ba6 35. b3 fxe3
36. fxe3 Rh2+ $17) 34... Rh2 35. Nd3 Be4 36. c5 Bxd3+ 37. Rxd3 Bxc5 38. Rf3 $10
Bd4 39. b3 Bb6 40. Bd7 Kf5 41. Bb5 Bc5 42. Bd3+ Kf6 43. Be4 Ba7 44. Bc6 Rh4 45.
Bd7 Ke7 1/2-1/2